Quick Pick: TV Series of 2016 Quiz Stats

 Plays Quiz Updated Nov 28, 2017

Challenge
Share
Tweet
Embed
Score 0/20 Timer 01:30
2 Plays Today
% Correct
Lethal
88.9%
House
81.2%
Stranger
81%
Us
79.1%
Frontal
74.3%
Survivor
72.6%
Crime
72.2%
Real
65.5%
Good
65.4%
Cage
65%
% Correct
Kevin
63.8%
Borders
63.6%
Tomorrow
60.9%
People
60.1%
Vice
57.6%
Tribeca
57.4%
Queen
57.2%
American
57%
Indoors
55.4%
Night
50.2%

Today's Daily Dose

Missing Word
US Newspapers

Word Ladder
Shawn Mendes

On This Day
October 18th II

You're not logged in!

Compare scores with friends on all Sporcle quizzes.
Join for Free
OR
Log In

You Might Also Like...

Show Comments

Extras

Top Quizzes Today


Score Distribution

Your Account Isn't Verified!

In order to create a playlist on Sporcle, you need to verify the email address you used during registration. Go to your Sporcle Settings to finish the process.

Report this User

Report this user for behavior that violates our Community Guidelines.

Details: